Best NFL players numbers 0-20 - Statistics

General Stats
  • This quiz has been taken 18 times
  • The average score is 11 of 21
Answer Stats
Hint Answer % Correct
#15 QB Patrick Mahomes
94%
#1 WR Ja'Marr Chase
88%
#9 QB Joe Burrow
75%
#0 MLB Roqaun Smith
75%
#6 WR Devonta Smith
69%
#17 QB Josh Allen
69%
#8 QB Lamar Jackson
69%
#2 CB Patrick Surtain II
63%
#14 WR Amon Ra St Brown
56%
#10 QB Justin Herbert
56%
#18 WR Justin Jefferson
56%
#4 QB Dak Prescott
50%
#3 S Derwin James
50%
#16 QB Jared Goff
44%
#19 DE/Eagles Josh Sweat
38%
#11 LB Micah Parsons
38%
#13 WR Mike Evans
31%
#5 WR Garrett Wilson
25%
#7 QB CJ Stroud
19%
#20 RB Breece Hall
13%
#12 WR Chris Olave
6%
No matching quizzes found
Score Distribution
Percent of People with Each Score
Percentile by Number Answered
Your Score History
You have not taken this quiz